Regimen de legalizaciones de informes y certificaciones del Consejo Profesional de Ciencias Económicas de la Capital Federal (Registro nro. 7737)

Detalles MARC
000 -LEADER
fixed length control field 00759 a2200205 4500
001 - CONTROL NUMBER
control field 62637
005 - DATE AND TIME OF LATEST TRANSACTION
control field 20260407155920.0
008 - FIXED-LENGTH DATA ELEMENTS--GENERAL INFORMATION
fixed length control field 260407a1997 arg spa d
003 - CONTROL NUMBER IDENTIFIER
control field AR-UNSa-BCEJYS
040 ## - CATALOGING SOURCE
Original cataloging agency AR-UNSa-BCEJYS
Language of cataloging spa
Transcribing agency AR-UNSa-BCEJYS
080 ## - UNIVERSAL DECIMAL CLASSIFICATION NUMBER
Universal Decimal Classification number 657-051
Common auxiliary subdivision Profesional en Ciencias Económicas (Contador...)
020 ## - INTERNATIONAL STANDARD BOOK NUMBER
International Standard Book Number 978-950-811-052-7
041 ## - LANGUAGE CODE
Language code of text/sound track or separate title spa
100 1# - MAIN ENTRY--PERSONAL NAME
Personal name Mariscotti, Raúl E.P.P.
245 10 - TITLE STATEMENT
Title Regimen de legalizaciones de informes y certificaciones del Consejo Profesional de Ciencias Económicas de la Capital Federal
Name of part/section of a work La forma jurídica de las sociedades profesionales
264 #1 - PRODUCTION, PUBLICATION, DISTRIBUTION, MANUFACTURE, AND COPYRIGHT NOTICE
Place of production, publication, distribution, manufacture Buenos Aires :
Name of producer, publisher, distributor, manufacturer Ediciones Nuevas Técnicas
Date of production, publication, distribution, manufacture, or copyright notice 1997
300 ## - PHYSICAL DESCRIPTION
Extent 168 p.
Dimensions 28 cm.
590 ## - LOCAL NOTE (RLIN)
Local note niveau_biblio:m niveau_hierar:0
942 ## - ADDED ENTRY ELEMENTS (KOHA)
Koha item type
Existencias
Withdrawn status Lost status Damaged status Not for loan Home library Current library Shelving location Date acquired Total checkouts Full call number Barcode Date last seen Price effective from Koha item type
        Biblioteca Prof. Eusebio Cleto del Rey Biblioteca Prof. Eusebio Cleto del Rey   07/04/2026   657-051 M332 L70096 07/04/2026 07/04/2026 Libro